000 01442cam a22001934a 4500
005 20250605164218.0
008 250528s ||||||||||||||||||||||||d
035 _a20576
020 _a9607019458
040 _aGR-AtMCL
_bgre
_dGR-AtMCL
_eAACR2
245 1 _aΦοβίες / ...και η Αντιμετώπισή τους
260 _bΕλληνικά Γράμματα,
_c1996
300 _a208
520 _aΠρόλογος, Αίτια και Εκδηλώσεις, Εισαγωγή, Μύθοι και Παρερμηνείες και Ορισμοί, Φοβία και Ψυχανάλυση, Φοβία και Μάθηση, Αδυναμίες της Θεωρίας της Μάθησης, Σύγχρονες Απόψεις, Αγοραφοβία, Προσβολές Πανικού, Κοινωνικές και Ειδικές Φοβίες, Κοινωνική Φοβία, Ειδικές Φοβίες, Σχολική Φοβία, Νευροβιολογική Θεώρηση, Πειραματικός Πανικός, Γνωσιακοί Μηχανισμοί, Θεραπεία, Γενικές Αρχές, Συμπεριφοριστική και Γνωσιακή Θεραπεία, Έκθεση, Αλλαγή Γνωσιών, Συμπληρωματικές Τέχνικές, Φαρμακοθεραπεία, Βιβλιογραφία.
700 1 _aΜπουλουγούρης Γιάννης
_9209
942 _cBK
999 _c5667
_d5667